<?xml version="1.0" encoding="UTF-8"?>
<record
    xmlns:xsi="http://www.w3.org/2001/XMLSchema-instance"
    xsi:schemaLocation="http://www.loc.gov/MARC21/slim http://www.loc.gov/standards/marcxml/schema/MARC21slim.xsd"
    xmlns="http://www.loc.gov/MARC21/slim">

  <leader>01912nam a22002057a 4500</leader>
  <controlfield tag="005">20250224121330.0</controlfield>
  <controlfield tag="008">250224b           ||||| |||| 00| 0 eng d</controlfield>
  <datafield tag="020" ind1=" " ind2=" ">
    <subfield code="a">9781529033137</subfield>
  </datafield>
  <datafield tag="040" ind1=" " ind2=" ">
    <subfield code="c">AL</subfield>
  </datafield>
  <datafield tag="041" ind1=" " ind2=" ">
    <subfield code="a">eng</subfield>
  </datafield>
  <datafield tag="082" ind1=" " ind2=" ">
    <subfield code="2">23</subfield>
    <subfield code="a">813.6</subfield>
    <subfield code="b">KINW</subfield>
  </datafield>
  <datafield tag="100" ind1=" " ind2=" ">
    <subfield code="a">Lily King</subfield>
    <subfield code="9">202187</subfield>
  </datafield>
  <datafield tag="245" ind1=" " ind2=" ">
    <subfield code="a">Writers and lovers</subfield>
  </datafield>
  <datafield tag="260" ind1=" " ind2=" ">
    <subfield code="a">New York</subfield>
    <subfield code="b">Picador</subfield>
    <subfield code="c">2021</subfield>
  </datafield>
  <datafield tag="300" ind1=" " ind2=" ">
    <subfield code="a">324p</subfield>
    <subfield code="b">PB</subfield>
    <subfield code="c">19x13cm.</subfield>
  </datafield>
  <datafield tag="365" ind1=" " ind2=" ">
    <subfield code="2">General</subfield>
    <subfield code="a">6693</subfield>
    <subfield code="b">&#x20B9;440.00</subfield>
    <subfield code="c">&#x20B9;</subfield>
    <subfield code="d">&#x20B9;550.00</subfield>
    <subfield code="e">20%</subfield>
    <subfield code="f">18/02/2025</subfield>
  </datafield>
  <datafield tag="520" ind1=" " ind2=" ">
    <subfield code="a">Funny and heartbreaking, Writers &amp; Lovers by Lily King is the bitingly clever story of Casey, a young writer who has lost her direction in life, until two men step into her world and offer her two very different futures.The New York Times Bestseller&#x2018;Captivating, potent, incisive, and wise&#x2019; &#x2013; Madeline Miller, author of Circe&#x2018;Extremely funny&#x2019; &#x2013; Sunday TimesRecently out of a devastating love affair and mourning the loss of her beloved mum, Casey is lost. The novel she has been writing for six years isn&#x2019;t going anywhere, her debt is soaring, and at thirty-one, with all her friends getting married and having kids, she feels too old for things to be this way.Then she meets Silas. He is kind, handsome, interested. But only a few weeks later, Oscar &#x2013; older, fascinating, troubled &#x2013; walks into her life, his two boys in tow. Suddenly Casey finds herself at the point of a love triangle, torn between two very different relationships that promise two very different futures. And she&#x2019;s still got to write that book . . .&#x2018;Suffused with hopefulness and kindness&#x2019; &#x2013; Ann Patchett&#x2018;Exquisite&#x2019; &#x2013; Sunday Telegraph&#x2018;Funny and immensely clever&#x2019; &#x2013; Tessa Hadley&#x2018;Beautiful . . . Reading the book feels like waiting for clouds to break &#x2013; a kind of gorgeous agony&#x2019; &#x2013; Guardian&#x2018;I loved this book&#x2019; &#x2013; Curtis Sittenfeld</subfield>
  </datafield>
  <datafield tag="650" ind1=" " ind2=" ">
    <subfield code="2">Literature</subfield>
    <subfield code="a">American Fiction in English</subfield>
    <subfield code="9">202188</subfield>
  </datafield>
  <datafield tag="942" ind1=" " ind2=" ">
    <subfield code="2">ddc</subfield>
    <subfield code="c">BK</subfield>
  </datafield>
  <datafield tag="999" ind1=" " ind2=" ">
    <subfield code="c">233884</subfield>
    <subfield code="d">233884</subfield>
  </datafield>
  <datafield tag="952" ind1=" " ind2=" ">
    <subfield code="0">0</subfield>
    <subfield code="1">0</subfield>
    <subfield code="2">ddc</subfield>
    <subfield code="4">0</subfield>
    <subfield code="7">0</subfield>
    <subfield code="8">MAENG</subfield>
    <subfield code="a">SACPG</subfield>
    <subfield code="b">SACPG</subfield>
    <subfield code="d">2025-02-19</subfield>
    <subfield code="e">Biblios Book Point</subfield>
    <subfield code="g">440.00</subfield>
    <subfield code="l">0</subfield>
    <subfield code="o">813.6 KINW</subfield>
    <subfield code="p">PG024963</subfield>
    <subfield code="r">2025-02-24 00:00:00</subfield>
    <subfield code="v">550.00</subfield>
    <subfield code="w">2025-02-24</subfield>
    <subfield code="y">BK</subfield>
  </datafield>
</record>
